| 000 | 01045nam a2200325Ia 4500 | ||
|---|---|---|---|
| 001 | Para_7115 | ||
| 003 | CHAP | ||
| 008 | 220125s1991 xx 000 0 und d | ||
| 010 | _a206001 | ||
| 040 | _cCHAP | ||
| 090 | _aPA FOLLETO 3050 | ||
| 100 | 1 |
_aLópez Fuentes, María Cristina _967878 |
|
| 245 |
_aLas bacterias que afectan plantas ornamentales / _c por María Cristina López Fuentes |
||
| 260 |
_aChapingo, Méx. : _b UACh. Departamento de Parasitología Agrícola |
||
| 300 | _a27 h. | ||
| 650 |
_aClavel _x enfermedades _923701 |
||
| 650 |
_aDalia _930944 |
||
| 650 |
_aGeranios _947691 |
||
| 650 |
_aGladiolas _x enfermedades _948229 |
||
| 650 |
_aPlantas _x enfermedades por bacterias _988829 |
||
| 650 |
_aPlantas ornamentales _x enfermedades _989062 |
||
| 710 |
_aUACh. Departamento Parasitología Agrícola _9164025 |
||
| 901 | _aPA FOLLETO 3050 | ||
| 902 | _aA | ||
| 905 | _a0000001991 0000000000 00 | ||
| 910 | _a1991 | ||
| 942 | _cPARA | ||
| 942 |
_cPARA _d1 |
||
| 999 |
_c206001 _d206001 |
||